00639nam a22001937a 450000500170000001000340001702000260005103500140007703500140009103700090010508200110011410000180012524500590014325000060020226000490020827001190025730000200037650000490039620250619145644.0 aDEC24SC ENG-142983 ENG-145492 a9789358708301c799.00 aEN-126515 aEN-129024 bDBAD a00021 aGoyal, S. K.  a104 NTA Papers of JEE Main Mathematics/cBy S.K. Goyal a1 aNew DelhibS Chand and Company Limitedc2024 a A-27, 2nd Floor, Mohan Co-operative Industrial EstatebNew Delhie110044minfo@schandpublishing.comk011-49731800 a817p.c26cm(pb) aChapter-wise Previous Years’ Solved Papers